Ч. 2: учебное пособие; Теоретические основы электротехники

Bibliografiska uppgifter
Parent link:Теоретические основы электротехники: учебное пособие/ Г. В. Носов, Е. О. Кулешова, В. А. Колчанова; Национальный исследовательский Томский политехнический университет (ТПУ). Ч. 2.— , 2011-2012
Huvudupphovsman: Носов Г. В. Геннадий Васильевич
Övriga upphovsmän: Кулешова Е. О. Елена Олеговна, Колчанова В. А. Вероника Андреевна
Sammanfattning:Заглавие с титульного экрана
В пособии рассмотрены основные положения и математические понятия теории переходных процессов в линейных цепях, а также методы расчёта нелинейных цепей и цепей с сосредоточенными параметрами. Теоретический материал закрепляется многочисленными примерами и контрольными заданиями. Издание предназначено для самостоятельной работы студентов Электроэнергетического института Национального исследовательского Томского политехнического университета
Текстовый файл
AM_Agreement
Språk:ryska
Publicerad: 2012
Ämnen:
Länkar:http://www.lib.tpu.ru/fulltext2/m/2012/m185.pdf
Materialtyp: MixedMaterials Elektronisk Bok
KOHA link:https://koha.lib.tpu.ru/cgi-bin/koha/opac-detail.pl?biblionumber=215098

MARC

LEADER 00000nam2a2200000 4500
001 215098
005 20260224114109.0
035 |a (RuTPU)RU\TPU\book\234995 
090 |a 215098 
100 |a 20120503d2012 m y0rusy50 ca 
101 0 |a rus 
102 |a RU 
105 |a a j 001zy 
135 |a drcn ---uucaa 
181 0 |a i   |b  e  
182 0 |a b 
183 0 |a cr  |2 RDAcarrier 
200 0 |a Ч. 2  |e учебное пособие 
203 |a Текст  |c электронный  |b визуальный 
210 |d 2012 
215 |a 1 файл (16,0 МБ, 196 с.)  |c ил., pdf 
283 |a online_resource  |2 RDAcarrier 
300 |a Заглавие с титульного экрана 
330 |a В пособии рассмотрены основные положения и математические понятия теории переходных процессов в линейных цепях, а также методы расчёта нелинейных цепей и цепей с сосредоточенными параметрами. Теоретический материал закрепляется многочисленными примерами и контрольными заданиями. Издание предназначено для самостоятельной работы студентов Электроэнергетического института Национального исследовательского Томского политехнического университета 
336 |a Текстовый файл 
371 |a AM_Agreement 
461 1 |0 215095  |9 215095  |t Теоретические основы электротехники  |o учебное пособие  |o в 2 ч.  |f Г. В. Носов, Е. О. Кулешова, В. А. Колчанова  |g Национальный исследовательский Томский политехнический университет (ТПУ)  |v Ч. 2  |d 2011-2012 
606 1 |a Электротехника теоретическая  |2 stltpush  |3 (RuTPU)RU\TPU\subj\20909  |9 45970 
610 1 |a электронный ресурс 
610 1 |a труды учёных ТПУ 
610 1 |a электрические цепи 
610 1 |a переходные процессы 
610 1 |a операторный метод 
610 1 |a интеграл Дюамеля 
610 1 |a магнитные цепи 
610 1 |a цепи с распределенными параметрами 
610 1 |a учебные пособия 
675 |a 621.3.01(075.8)  |v 3 
700 1 |a Носов  |b Г. В.  |c специалист в области электротехники  |c доцент Томского политехнического университета, кандидат технических наук  |f 1954-  |g Геннадий Васильевич  |9 11461 
701 1 |a Кулешова  |b Е. О.  |c специалист в области электротехники  |c доцент Томского политехнического университета, кандидат физико-математических наук  |f 1976-  |g Елена Олеговна  |9 12636 
701 1 |a Колчанова  |b В. А.  |c специалист в области электротехники  |c доцент Томского политехнического университета, кандидат технических наук  |f 1968-  |g Вероника Андреевна  |9 12141 
801 1 |a RU  |b 63413507  |c 20120503 
801 2 |a RU  |b 63413507  |c 20140110  |g RCR 
850 |a 63413507 
856 4 0 |u http://www.lib.tpu.ru/fulltext2/m/2012/m185.pdf  |z http://www.lib.tpu.ru/fulltext2/m/2012/m185.pdf 
942 |c CF